Water quality and treatment : a handbook of community water supplies
Αποθηκεύτηκε σε:
| Συγγραφή απο Οργανισμό/Αρχή: | |
|---|---|
| Άλλοι συγγραφείς: | |
| Μορφή: | Βιβλίο |
| Γλώσσα: | English |
| Δημοσίευση: |
New York :
McGraw-Hill,
c1990
|
| Έκδοση: | 4th ed. |
| Θέματα: | |
| Ετικέτες: |
Προσθήκη ετικέτας
Δεν υπάρχουν, Καταχωρήστε ετικέτα πρώτοι!
|
MARC
| LEADER | 00000nam a2200000 i 4500 | ||
|---|---|---|---|
| 001 | 1/15397 | ||
| 008 | 980604s1990 eng d | ||
| 020 | |a 0-07-001540-6 | ||
| 035 | |l 10019812 | ||
| 040 | |a GR-MY-UA |b gre |e aacr | ||
| 041 | 0 | |a eng | |
| 082 | 0 | |a 628.160973 | |
| 110 | 2 | |a American Water Works Association. | |
| 245 | 1 | 0 | |a Water quality and treatment : |b a handbook of community water supplies / |c American Water Works Association ; Frederick W. Pontius, Technical editor |
| 250 | |a 4th ed. | ||
| 260 | |a New York : |b McGraw-Hill, |c c1990 | ||
| 300 | |a xiv, 1194 σ.; |b εικ.; |c 24 εκ. | ||
| 504 | |a Περιέχει βιβλιογραφικές παραπομπές και ευρετήριο | ||
| 650 | 0 | 0 | |a Water |x Purification. |
| 650 | 0 | 0 | |a Water quality. |
| 650 | 0 | 0 | |a Water-supply |z United States. |
| 700 | 1 | |a Pontius, Frederick W. |4 edt | |
| 852 | |a INST |b LESVOS |e 19980604 |h 628.160973 WAT |p 005100014540 |q 005100014540 |t BK |y 0 | ||
| 852 | |a INST |b LESVOS |e 19980604 |h 628.160973 WAT |p 005100014541 |q 005100014541 |t BK |y 0 | ||
| 852 | |a INST |b LESVOS |e 19980604 |h 628.160973 WAT |p 005100014542 |q 005100014542 |t BK |y 0 | ||
| 852 | |a INST |b LESVOS |e 19980604 |h 628.160973 WAT |p 005100014543 |q 005100014543 |t BK |y 0 | ||
| 852 | |a INST |b LESVOS |e 19980604 |h 628.160973 WAT |p 005100014544 |q 005100014544 |t BK |y 0 | ||
| 852 | |a INST |b LESVOS |e 19980604 |h 628.160973 WAT |p 005100014545 |q 005100014545 |t BK |y 0 | ||
| 901 | |a BIBL-1998-2 | ||
| 909 | |a Λ |b 057265 | ||
| 909 | |a Λ |b 057266 | ||
| 909 | |a Λ |b 057267 | ||
| 909 | |a Λ |b 057268 | ||
| 909 | |a Λ |b 057269 | ||
| 909 | |a Λ |b 057270 | ||
| 922 | |a 1ΕΛΗ |b 199805 |c ΚΠΣ/ΤΠ |d ΠΑΠΑΣΩΤΗΡΙΟΥ | ||
| 950 | |a 107-1998-04-07 | ||